LEADER 01032nam0 2200301 450 001 000021506 005 20090114122253.0 100 $a20090114d1967----km-y0itay50------ba 101 1 $aita$ceng 102 $aIT 105 $ay-------001yy 200 1 $aAnalisi economica, politica fiscale e sviluppo economico$fNorman F. Keiser 210 $aMilano$cETAS Kompass$d1967 215 $aXII, 766 p.$d21 cm 225 2 $aBiblioteca di studi economici$v6 300 $aTrad. T. Bonazzi, A. M. Gentili 410 0$12001$aBiblioteca di studi economici 500 10$aMacroeconomics fiscal policy and economic growth$m$936233 610 1 $aPolitica fiscale 610 1 $aMacroeconomia$aTeorie$aSaggi 676 $a336$v17 700 1$aKeiser,$bNorman Fred$4070$0124891 801 0$aIT$bUNIPARTHENOPE$c20090114$gRICA$2UNIMARC 912 $a000021506 951 $a321/57$b4355$cNAVA2$d2009 951 $a321/121$b228$cNAVA2$d2009 996 $aMacroeconomics fiscal policy and economic growth$936233 997 $aUNIPARTHENOPE LEADER 03013nam 2200517 n 450 001 9910647379903321 005 20240419002939.0 010 $a9781760465445 010 $a1760465445 035 $a(CKB)5580000000492575 035 $a(NjHacI)995580000000492575 035 $a(MiAaPQ)EBC30291474 035 $a(Au-PeEL)EBL30291474 035 $a(OCoLC)1356978817 035 $a(Perlego)3802847 035 $a(oapen)doab97778 035 $a(EXLCZ)995580000000492575 100 $a20230429d2022 uy 0 101 0 $aeng 135 $aur||||||||||| 181 $ctxt$2rdacontent 182 $cc$2rdamedia 183 $acr$2rdacarrier 200 10$aUnsung Land, Aspiring Nation $eJourneys in Bougainville /$fGordon Peake 205 $a1st ed. 210 $aCanberra$cANU Press$d2022 210 1$aCanberra :$cANU Press,$d2022. 215 $a1 online resource (178 pages) 225 1 $aPacific Series 311 08$a9781760465438 311 08$a1760465437 327 $aIntro -- Abbreviations and other shortened forms -- Acknowledgements -- Foreword -- Introduction -- Part One -- 1. Aid comes to my aid -- 2. Arrival -- 3. Make-work and workshops -- 4. Bookanville -- 5. Have licence, lack engine -- 6. A trip to Port Moresby -- Part Two -- 7. The road to Arawa -- 8. Town of ghosts -- 9. Buka's bestseller -- 10. Beatrice's Bougainville -- 11. Plan A -- 12. Plan B and whiskey to the rescue -- 13. Institutions new and old, seen and unseen -- Part Three -- 14. Odd jobs, family trips and a friend worth fighting for -- 15. Referendum days -- 16. The stone pillars -- 17. The result of all this -- Epilogue -- Glossary. 330 $aIn 2016, Gordon Peake answers a job advertisement for a role with the government of the Autonomous Region of Bougainville, a collection of islands on the eastern fringe of Papua New Guinea looking to strike out as a country of its own. In his day job he sees at first hand the challenges of trying to stand up new government systems. Away from the office he travels with former rebels, follows an anthropologist's ghost and visits landmarks from the region's conflict. In 2019, he witnesses joy and euphoria as the people of Bougainville vote in a referendum on their future. Out of these encounters emerges an unforgettable portrait of this potential nation-in-waiting. Blending narrative history, travelogue and personal reminiscences, Unsung Land, Aspiring Nation is an engaging memoir as well as an insightful meditation on the realities of nation-making and international development. 410 0$aPacific Series 517 $aUnsung Land, Aspiring Nation 606 $aPolitical participation$zPapua New Guinea$zBougainville Province 607 $aPapua New Guinea$xHistory 615 0$aPolitical participation 676 $a995.3 700 $aPeake$b Gordon$01351537 801 0$bNjHacI 801 1$bNjHacl 906 $aBOOK 912 $a9910647379903321 996 $aUnsung Land, Aspiring Nation$93115373 997 $aUNINA